Phân tích thực trạng chi phí trung gian ngành công nghiệp những năm qua = Analysing the real situation of industrial intermediate cost in recent years
Сохранить в:
| Формат: | Sách giấy |
|---|---|
| Язык: | Vietnamese |
| Опубликовано: |
H. :
Thống kê,
2005
|
| Предметы: | |
| Метки: |
Добавить метку
Нет меток, Требуется 1-ая метка записи!
|
| Thư viện lưu trữ: | Thư viện Trường Đại học Đà Lạt |
|---|
| LEADER | 00858nam a2200289 4500 | ||
|---|---|---|---|
| 001 | DLU060054550 | ||
| 005 | ##20060622 | ||
| 040 | # | # | |a DLU |b vie |
| 041 | # | # | |a vie |
| 044 | # | # | |a vn |
| 082 | # | # | |a 657.42 |b Pha |
| 245 | # | # | |a Phân tích thực trạng chi phí trung gian ngành công nghiệp những năm qua = |b Analysing the real situation of industrial intermediate cost in recent years |
| 246 | # | # | |a Analysing the real situation of industrial intermediate cost in recent years |
| 260 | # | # | |a H. : |b Thống kê, |c 2005 |
| 300 | # | # | |a 547 tr. ; |c 24 cm |
| 653 | # | # | |a Chi phí sản xuất |
| 653 | # | # | |a Sản xuất nông nghiệp |
| 923 | # | # | |a 11/2006 |
| 992 | # | # | |a 150.000 |
| 994 | # | # | |a DLU |
| 900 | # | # | |a True |
| 911 | # | # | |a Đào Thị Thu Huyền |
| 925 | # | # | |a G |
| 926 | # | # | |a A |
| 927 | # | # | |a SH |
| 980 | # | # | |a Thư viện Trường Đại học Đà Lạt |